[Event "Quart de Poblet op 7th"]
[Site "Quart de Poblet"]
[Date "2019.08.11"]
[Round "9"]
[White "Lara Lopez, Jose"]
[Black "Kovacevic, Slobodan"]
[Result "1/2-1/2"]
[WhiteElo "2271"]
[BlackElo "2252"]
[PlyCount "61"]
[EventDate "2019.08.05"]
[EventType "swiss"]
[EventRounds "9"]
[EventCountry "ESP"]
[SourceTitle "CBM 191 Extra"]
[Source "ChessBase"]
[SourceDate "2019.09.30"]
[SourceVersion "1"]
[SourceVersionDate "2019.09.30"]
[SourceQuality "1"]

1. e4 c5 2. Nc3 e6 3. Nf3 a6 4. g3 Qc7 5. Bg2 d6 6. 0-0 Nf6 7. Re1 Be7 8. e5 dxe5 9. Nxe5 Nbd7 10. Qe2 Nxe5 11. Qxe5 Bd6 12. Qe2 0-0 13. d3 Bd7 14. Bg5 Be7 15. Ne4 Nd5 16. Bxe7 Nxe7 17. Rad1 Nf5 18. c3 Rad8 19. Nd2 Ba4 20. b3 Bc6 21. Nc4 Bxg2 22. Kxg2 b5 23. Ne3 Ne7 24. Kg1 Qb6 25. a4 b4 26. c4 Nc6 27. Nc2 Na5 28. Na1 Rd6 29. Qe4 Rfd8 30. Re3 h6 31. Rf3 1/2-1/2

[Event "Quart de Poblet op 7th"]
[Site "Quart de Poblet"]
[Date "2019.08.09"]
[Round "7"]
[White "Lara Lopez, Jose"]
[Black "Castella Garcia, Fausto"]
[Result "1/2-1/2"]
[WhiteElo "2271"]
[BlackElo "2315"]
[PlyCount "73"]
[EventDate "2019.08.05"]
[EventType "swiss"]
[EventRounds "9"]
[EventCountry "ESP"]
[SourceTitle "CBM 191 Extra"]
[Source "ChessBase"]
[SourceDate "2019.09.30"]
[SourceVersion "1"]
[SourceVersionDate "2019.09.30"]
[SourceQuality "1"]

1. e4 c5 2. Nc3 Nc6 3. g3 g6 4. Bg2 Bg7 5. d3 d6 6. f4 f5 7. Nf3 Nh6 8. 0-0 0-0 9. Kh1 Rb8 10. Ng5 Nd4 11. Nd5 fxe4 12. dxe4 Bg4 13. Qd2 Bd7 14. c3 Ne6 15. Nf3 Nc7 16. Re1 Nf7 17. b3 e6 18. Nxc7 Qxc7 19. Bb2 b5 20. Rac1 e5 21. c4 bxc4 22. Rxc4 Rbe8 23. Rc2 exf4 24. Bxg7 Kxg7 25. Qc3+ Ne5 26. b4 fxg3 27. bxc5 dxc5 28. Nxe5 Qxe5 29. hxg3 Rf6 30. Rec1 Qh5+ 31. Kg1 Qg5 32. Qd2 Qxd2 33. Rxd2 Bc6 34. Rxc5 Bxe4 35. Rc7+ Kh6 36. Re2 Rfe6 37. Rxa7 1/2-1/2

[Event "ESP-chT CECLUB Div2 Gp2"]
[Site "Burguillos"]
[Date "2012.08.12"]
[Round "6.1"]
[White "Lara Lopez, Jose"]
[Black "Barrero Garcia, Carlos"]
[Result "0-1"]
[WhiteElo "2272"]
[BlackElo "2352"]
[PlyCount "104"]
[EventDate "2012.08.08"]
[EventType "team-swiss"]
[EventRounds "6"]
[EventCountry "ESP"]
[SourceTitle "CBM 149 Extra"]
[Source "ChessBase"]
[SourceDate "2012.08.24"]
[SourceVersion "1"]
[SourceVersionDate "2012.08.24"]
[SourceQuality "1"]
[WhiteTeam "Lapuerta"]
[BlackTeam "Huelva"]
[WhiteTeamCountry "ESP"]
[BlackTeamCountry "ESP"]

1. e4 e6 2. Nf3 c5 3. Nc3 Nc6 4. Bb5 Nge7 5. d4 cxd4 6. Nxd4 Nxd4 7. Qxd4 a6 8. Be2 Nc6 9. Qd1 Qc7 10. 0-0 b5 11. Be3 Bb7 12. f4 Be7 13. Kh1 0-0 14. Rf3 Rad8 15. Rh3 d5 16. exd5 Nb4 17. Bd4 Qxf4 18. Rg3 e5 19. Bb6 Rd7 20. Bf3 Qh6 21. Ba5 Nc6 22. Rh3 Qxh3 23. gxh3 Nxa5 24. a3 Nc4 25. Qe2 Nxb2 26. Qxe5 Nc4 27. Qf5 Rfd8 28. Re1 Bc8 29. Nb1 Bf8 30. Nc3 Bb7 31. Ra1 Ra8 32. Kg1 Be7 33. Kh1 Rad8 34. Re1 Bxa3 35. Re8+ Bf8 36. Rxd8 Rxd8 37. Qg5 Re8 38. Ne4 Re5 39. Qd8 Bxd5 40. Nf6+ gxf6 41. Bxd5 Ne3 42. Bf3 Kg7 43. c3 b4 44. cxb4 Bxb4 45. Kg1 Bc5 46. Kf2 a5 47. Qd7 Nc4+ 48. Kg2 Nb6 49. Qa7 a4 50. Bd1 a3 51. Bb3 Nc4 52. Qc7 Rg5+ 0-1

[Event "Albacete op U2300 1st"]
[Site "Albacete"]
[Date "2012.04.29"]
[Round "5"]
[White "Sos Andreu, Eric"]
[Black "Lara Lopez, Jose"]
[Result "1-0"]
[WhiteElo "2143"]
[BlackElo "2265"]
[PlyCount "85"]
[EventDate "2012.04.27"]
[EventType "swiss"]
[EventRounds "9"]
[EventCountry "ESP"]
[SourceTitle "EXT 2014"]
[Source "ChessBase"]
[SourceDate "2013.11.20"]
[SourceVersion "1"]
[SourceVersionDate "2013.11.20"]
[SourceQuality "1"]

1. Nf3 c5 2. c4 Nc6 3. g3 Nf6 4. Bg2 d5 5. cxd5 Nxd5 6. 0-0 e5 7. Nc3 Nc7 8. d3 Be7 9. Nd2 0-0 10. Nc4 f6 11. Be3 Nd4 12. f4 exf4 13. Bxf4 Nce6 14. Be3 f5 15. Nd5 Rb8 16. a4 b6 17. Bd2 Bb7 18. Nf4 Bxg2 19. Kxg2 Bf6 20. Bc3 Nxf4+ 21. gxf4 Qd5+ 22. Kg1 g5 23. e3 Ne6 24. Qf3 Rbd8 25. fxg5 Bxc3 26. bxc3 Qxd3 27. Ne5 Qxc3 28. Qg3 Rd5 29. Nc6 Rf7 30. Rad1 Qb3 31. Ra1 Qb2 32. Rad1 f4 33. exf4 Nxf4 34. Qg4 Ne2+ 35. Kh1 Rxd1 36. Rxd1 Nd4 37. g6 Rf2 38. gxh7+ Kxh7 39. Qh5+ Kg7 40. Rg1+ Kf8 41. Qh8+ Kf7 42. Qg8+ Kf6 43. Qg6# 1-0

[Event "Benidorm op U2300 10th"]
[Site "Benidorm"]
[Date "2011.12.09"]
[Round "9"]
[White "Lillo Castany, Victor"]
[Black "Lara Lopez, Jose"]
[Result "0-1"]
[WhiteElo "2289"]
[BlackElo "2231"]
[PlyCount "84"]
[EventDate "2011.12.02"]
[EventType "swiss"]
[EventRounds "10"]
[EventCountry "ESP"]
[SourceTitle "CBM 145 Extra"]
[Source "ChessBase"]
[SourceDate "2012.01.03"]
[SourceVersion "1"]
[SourceVersionDate "2012.01.03"]
[SourceQuality "1"]

1. e4 c5 2. Nf3 a6 3. Nc3 b5 4. d4 cxd4 5. Nxd4 Bb7 6. Bd3 g6 7. 0-0 Bg7 8. Be3 d6 9. a4 b4 10. Nd5 Bxd5 11. exd5 Nf6 12. Bc4 Qc7 13. b3 0-0 14. f4 Nbd7 15. a5 Qb7 16. Qf3 Nc5 17. Rfe1 Nce4 18. Kh1 Rac8 19. Bg1 Nc3 20. Nc6 e6 21. Na7 Ra8 22. dxe6 d5 23. exf7+ Rxf7 24. Bd3 Rxa7 25. Bxa7 Qxa7 26. Re6 Nfe4 27. Rxa6 Qd4 28. Ra8+ Rf8 29. Rxf8+ Bxf8 30. g3 Bc5 31. a6 Ba7 32. Re1 Qf6 33. Kg2 h5 34. Bxe4 dxe4 35. Qf1 Kg7 36. Qc4 Qb6 37. Rf1 e3 38. f5 e2 39. f6+ Kh6 40. Ra1 Qf2+ 41. Kh3 Nd1 42. Qg8 Qf5+ 0-1

[Event "Benidorm op U2300 10th"]
[Site "Benidorm"]
[Date "2011.12.06"]
[Round "5"]
[White "Recuero Guerra, Javier"]
[Black "Lara Lopez, Jose"]
[Result "1-0"]
[WhiteElo "2282"]
[BlackElo "2231"]
[PlyCount "79"]
[EventDate "2011.12.02"]
[EventType "swiss"]
[EventRounds "10"]
[EventCountry "ESP"]
[SourceTitle "CBM 145 Extra"]
[Source "ChessBase"]
[SourceDate "2012.01.03"]
[SourceVersion "1"]
[SourceVersionDate "2012.01.03"]
[SourceQuality "1"]

1. d4 Nf6 2. g3 d6 3. Nf3 g6 4. Bg2 Bg7 5. 0-0 0-0 6. Re1 Nbd7 7. e4 e5 8. Nc3 h6 9. h3 a6 10. a4 b6 11. Be3 Bb7 12. Qd2 Kh7 13. d5 Nc5 14. Nh2 Bc8 15. a5 bxa5 16. Rxa5 Rb8 17. b3 Nfd7 18. g4 f5 19. exf5 gxf5 20. gxf5 Qh4 21. Na4 Rb5 22. Rxb5 axb5 23. Nc3 b4 24. Nb5 Rxf5 25. Nxc7 Rf7 26. Ne6 Nf6 27. Nxc5 dxc5 28. Bxc5 e4 29. Qe3 Bf5 30. Qg3 Qh5 31. Ng4 Nd7 32. Bxb4 Bd4 33. Bxe4 Bxe4 34. Rxe4 Bg7 35. Qd3 Kg8 36. Re8+ Bf8 37. Bxf8 Nxf8 38. Qg3 Kh7 39. d6 Qg5 40. Qe3 1-0

[Event "ESP-ch Universities"]
[Site "Alicante"]
[Date "2011.05.10"]
[Round "5"]
[White "Pallardo Lozoya, Jose Vicente"]
[Black "Lara Lopez, Jose"]
[Result "1-0"]
[WhiteElo "2365"]
[BlackElo "2231"]
[PlyCount "116"]
[EventDate "2011.05.09"]
[EventType "team-swiss"]
[EventRounds "9"]
[EventCountry "ESP"]
[SourceTitle "CBM 142 Extra"]
[Source "ChessBase"]
[SourceDate "2011.06.27"]
[SourceVersion "1"]
[SourceVersionDate "2011.06.27"]
[SourceQuality "1"]

1. f4 Nf6 2. b3 d6 3. Bb2 c5 4. e3 Nc6 5. Nf3 Bg4 6. Be2 e6 7. 0-0 Be7 8. Qe1 Qc7 9. d3 Nd5 10. Qd2 Bf6 11. c3 e5 12. c4 Nde7 13. fxe5 dxe5 14. Nc3 Bf5 15. Nd5 Qd6 16. e4 Bg4 17. Rf2 h6 18. Raf1 Nxd5 19. cxd5 Bxf3 20. dxc6 Bxe4 21. cxb7 Bxb7 22. Bh5 Rf8 23. Qe2 0-0-0 24. Rc1 Kb8 25. Bg4 Qxd3 26. Bxe5+ Bxe5 27. Qxe5+ Ka8 28. Qxc5 Qg6 29. Bf3 Bxf3 30. Rxf3 Rfe8 31. Rg3 Qf6 32. h3 g6 33. Rf3 Qe6 34. Qc7 Rc8 35. Qf4 Rxc1+ 36. Qxc1 Qe1+ 37. Qxe1 Rxe1+ 38. Kf2 Re7 39. Rf6 Kb8 40. Rd6 Kc8 41. g4 h5 42. gxh5 gxh5 43. Rh6 Kd8 44. Rxh5 Ke8 45. Ra5 Kf8 46. h4 Kg8 47. h5 Kh7 48. Ra6 Rb7 49. h6 Rc7 50. Kf3 Rb7 51. Kf4 Rc7 52. Kf5 Rb7 53. b4 Rd7 54. a3 Kg8 55. Ke5 Kh7 56. b5 Kg8 57. a4 Re7+ 58. Kf6 Re4 1-0

[Event "ESP-ch Universities"]
[Site "Alicante"]
[Date "2011.05.09"]
[Round "4"]
[White "Lara Lopez, Jose"]
[Black "Roig Aguilar, Alejandro"]
[Result "1/2-1/2"]
[WhiteElo "2231"]
[BlackElo "2142"]
[PlyCount "94"]
[EventDate "2011.05.09"]
[EventType "team-swiss"]
[EventRounds "9"]
[EventCountry "ESP"]
[SourceTitle "CBM 142 Extra"]
[Source "ChessBase"]
[SourceDate "2011.06.27"]
[SourceVersion "1"]
[SourceVersionDate "2011.06.27"]
[SourceQuality "1"]

1. e4 c5 2. Nc3 Nc6 3. f4 g6 4. Nf3 Bg7 5. Bc4 e6 6. e5 d5 7. exd6 Qxd6 8. d3 b6 9. 0-0 Nge7 10. Ne4 Qd7 11. c3 0-0 12. Qe2 Bb7 13. Neg5 Nd5 14. Ne5 Qc8 15. Ngf3 Na5 16. Bb5 Nc6 17. Bd2 Qc7 18. Rae1 Rae8 19. a3 f6 20. Nxc6 Bxc6 21. Bxc6 Qxc6 22. c4 Nc7 23. Bc3 b5 24. g3 a6 25. Rc1 bxc4 26. dxc4 Re7 27. Rcd1 e5 28. fxe5 fxe5 29. Ng5 h6 30. Rxf8+ Bxf8 31. Ne4 Bg7 32. Rd6 Qe8 33. Nxc5 Ne6 34. Nxe6 Rxe6 35. Rxe6 Qxe6 36. Qe4 Kh7 37. b4 Qd6 38. Qd5 Qf6 39. a4 Qg5 40. Bd2 Qg4 41. Be3 Qe2 42. Bf2 e4 43. Qc5 Qd1+ 44. Kg2 Qf3+ 45. Kg1 Qd1+ 46. Kg2 Qf3+ 47. Kh3 h5 1/2-1/2

[Event "ESP-chT2 Gr2"]
[Site "Burguillos"]
[Date "2009.08.06"]
[Round "3"]
[White "Nieto de la Cruz, Julio"]
[Black "Lara Lopez, Jose"]
[Result "1-0"]
[WhiteElo "2132"]
[BlackElo "2203"]
[PlyCount "155"]
[EventDate "2009.08.05"]
[EventType "team-swiss"]
[EventRounds "6"]
[EventCountry "ESP"]
[SourceTitle "CBM 131 Extra"]
[Source "ChessBase"]
[SourceDate "2009.09.03"]
[SourceVersion "2"]
[SourceVersionDate "2009.09.16"]
[SourceQuality "1"]

1. d4 Nc6 2. d5 Ne5 3. c4 e6 4. e4 Nf6 5. Nc3 Bc5 6. Be2 d6 7. Nf3 Neg4 8. Rf1 exd5 9. cxd5 Qe7 10. Qc2 0-0 11. Bg5 h6 12. Bh4 Bb4 13. h3 Qxe4 14. Qd2 Bxc3 15. bxc3 Nh2 16. Bxf6 Nxf1 17. Kxf1 Bf5 18. Bh4 a6 19. Rd1 Rfe8 20. Bg3 Re7 21. Bf4 Rae8 22. Be3 b5 23. Qd4 Qc2 24. Qd2 Qe4 25. Qd4 c5 26. dxc6 Qxc6 27. Qd5 Qc8 28. Qd2 d5 29. Nd4 Be4 30. Bg4 Qc4+ 31. Be2 Qc7 32. Bf4 Qd7 33. Bg4 f5 34. Bh5 g6 35. Be2 g5 36. Bh2 f4 37. Bh5 Rf8 38. Bg4 Qd6 39. Be2 Ref7 40. f3 Bg6 41. Bd3 Re8 42. Bg1 Rc7 43. Nb3 Bf7 44. Bd4 h5 45. Bc2 Re6 46. Bf2 Qe5 47. Nd4 Rf6 48. Ne2 Rh6 49. Bb3 Rd7 50. Qd4 Qf5 51. Qd3 Qf6 52. Qd4 Qf5 53. Qd2 Qf6 54. Bd4 Qd6 55. h4 g4 56. Qxf4 gxf3 57. gxf3 Qe6 58. Kf2 Re7 59. Ng3 Rg6 60. Bc2 Qh3 61. Rh1 Qe6 62. Bxg6 Bxg6 63. Qf6 Qxf6 64. Bxf6 Rc7 65. f4 Rc4 66. Ke3 Ra4 67. Ra1 Ra3 68. Kd2 b4 69. f5 Bf7 70. Ne2 b3 71. Kc1 Ra5 72. Nd4 bxa2 73. Kb2 Be8 74. Rxa2 Rxa2+ 75. Kxa2 Kf7 76. Bg5 Ba4 77. Ka3 Bd1 78. Kb4 1-0

[Event "ESP-ch Universities"]
[Site "Madrid"]
[Date "2008.05.11"]
[Round "9"]
[White "Lopez del Alamo, Antonio"]
[Black "Lara Lopez, Jose"]
[Result "1-0"]
[WhiteElo "2299"]
[BlackElo "2178"]
[PlyCount "59"]
[EventDate "2008.05.08"]
[EventType "swiss"]
[EventRounds "9"]
[EventCountry "ESP"]
[SourceTitle "CBM 124 Extra"]
[Source "ChessBase"]
[SourceDate "2008.07.03"]
[SourceVersion "1"]
[SourceVersionDate "2008.07.03"]
[SourceQuality "1"]

1. e4 e6 2. d3 d5 3. Nd2 Nf6 4. Ngf3 c5 5. g3 Nc6 6. Bg2 Be7 7. 0-0 0-0 8. e5 Nd7 9. Re1 Qc7 10. Qe2 b5 11. Nf1 b4 12. h4 Ba6 13. Bf4 c4 14. d4 Qb6 15. c3 bxc3 16. bxc3 Qa5 17. Rac1 Bb5 18. N1h2 Ba3 19. Ng5 h6 20. Qh5 hxg5 21. hxg5 Ne7 22. Ng4 Ng6 23. Nf6+ Nxf6 24. gxf6 Bxc1 25. Rxc1 Qa3 26. Bg5 gxf6 27. exf6 Rfe8 28. Bf3 Qd6 29. Kg2 e5 30. Rh1 1-0

[Event "ESP-ch Universities"]
[Site "Madrid"]
[Date "2008.05.09"]
[Round "4"]
[White "Lara Lopez, Jose"]
[Black "Rodriguez Falcon, Jesus Manuel"]
[Result "1/2-1/2"]
[WhiteElo "2178"]
[BlackElo "1981"]
[PlyCount "86"]
[EventDate "2008.05.08"]
[EventType "swiss"]
[EventRounds "9"]
[EventCountry "ESP"]
[SourceTitle "CBM 124 Extra"]
[Source "ChessBase"]
[SourceDate "2008.07.03"]
[SourceVersion "1"]
[SourceVersionDate "2008.07.03"]
[SourceQuality "1"]

1. e4 Nf6 2. e5 Nd5 3. c4 Nb6 4. d4 d6 5. f4 dxe5 6. fxe5 Nc6 7. Be3 Bf5 8. Nc3 e6 9. Nf3 Be7 10. a3 Bg4 11. c5 Nd5 12. Bf2 0-0 13. Bc4 f6 14. Nxd5 exd5 15. Be2 fxe5 16. dxe5 Rf5 17. 0-0 Bxf3 18. Bxf3 Rxe5 19. b4 Bf6 20. b5 Ne7 21. Bd4 Rf5 22. Qd3 Bxd4+ 23. Qxd4 c6 24. Bg4 Rg5 25. h4 Rg6 26. h5 Rg5 27. h6 Qc7 28. Be6+ Kh8 29. hxg7+ Rxg7 30. Rf3 Re8 31. Raf1 Ng8 32. Bf5 Qe5 33. Qh4 Nf6 34. Bd3 Ne4 35. Rf8+ Rxf8 36. Rxf8+ Rg8 37. Bxe4 dxe4 38. Rf7 Qa1+ 39. Kh2 Qe5+ 40. Kg1 Qd4+ 41. Kh1 Rg7 42. Rf8+ Rg8 43. Rf7 Rg7 1/2-1/2

[Event "ESP-ch Student"]
[Site "Cartagena"]
[Date "2007.05.10"]
[Round "9"]
[White "Lara Lopez, Jose"]
[Black "Andres Gonzalez, Ivan"]
[Result "1/2-1/2"]
[WhiteElo "2173"]
[BlackElo "2372"]
[PlyCount "54"]
[EventDate "2007.05.06"]
[EventType "swiss"]
[EventRounds "9"]
[EventCountry "ESP"]
[SourceTitle "CBM 118 Extra"]
[Source "ChessBase"]
[SourceDate "2007.07.04"]
[SourceVersion "1"]
[SourceVersionDate "2007.07.04"]
[SourceQuality "1"]

1. e4 c5 2. Nc3 Nc6 3. f4 g6 4. Nf3 Bg7 5. Bc4 e6 6. 0-0 Nge7 7. d3 0-0 8. f5 d5 9. Bb3 c4 10. dxc4 dxe4 11. f6 Qxd1 12. Rxd1 Bxf6 13. Nxe4 Bg7 14. c3 e5 15. c5 Na5 16. Ba4 Be6 17. Bg5 Nd5 18. Nd6 h6 19. Bd2 e4 20. Nxe4 Nc4 21. Bc1 Rfd8 22. Nd4 Bg4 23. Re1 Ne5 24. Bc2 Rac8 25. h3 Bd7 26. Nd6 Rc7 27. Bb3 Bc6 1/2-1/2

[Event "ESP-ch Student"]
[Site "Cartagena"]
[Date "2007.05.07"]
[Round "2"]
[White "Alcazar Jimenez, Victor Manuel"]
[Black "Lara Lopez, Jose"]
[Result "1/2-1/2"]
[WhiteElo "2423"]
[BlackElo "2173"]
[PlyCount "77"]
[EventDate "2007.05.06"]
[EventType "swiss"]
[EventRounds "9"]
[EventCountry "ESP"]
[SourceTitle "CBM 118 Extra"]
[Source "ChessBase"]
[SourceDate "2007.07.04"]
[SourceVersion "1"]
[SourceVersionDate "2007.07.04"]
[SourceQuality "1"]

1. e4 e6 2. Nf3 d5 3. Nc3 Nf6 4. e5 Nfd7 5. d4 c5 6. dxc5 Nc6 7. Bf4 Bxc5 8. Bd3 h6 9. h4 Qc7 10. Qe2 a6 11. Bg3 Bb4 12. 0-0 Bxc3 13. bxc3 Nc5 14. c4 dxc4 15. Bxc4 b5 16. Qe3 Ne7 17. Be2 Nf5 18. Qf4 Bb7 19. Nd4 g5 20. hxg5 hxg5 21. Qg4 Nxg3 22. Qxg3 Ne4 23. Qe3 Qxe5 24. f4 gxf4 25. Rxf4 0-0-0 26. c3 f5 27. a4 b4 28. Rc1 bxc3 29. Rxc3+ Kb8 30. Nc6+ Bxc6 31. Rxc6 Qd4 32. Qxd4 Rxd4 33. Rxe6 Rxa4 34. Rxa6 Rxa6 35. Bxa6 Rh5 36. Bd3 Nd6 37. Kf2 Kc7 38. Ra4 Kd7 39. Ra5 1/2-1/2